000 00973nam a2200229Ia 4500
999 _c39218
_d39218
001 5804
003 GE_BSU
005 20190504122056.0
008 181216s1982ge xx |||||||||||||| ||geo||
040 _cGE_BSU
041 _ageo
080 _a624.8(075.8) ს-12
100 _aსარალიძე, ა.
_9361
245 _aსწორი ძელების ღუნვა :
_bდამხმ.სახელმძღვ /
_cსარალიძე, ა. გაჩეჩილაძე, გ. ; რედ. ე.გიორგაძე.
264 _aთბილისი :
_bსპი,
_c1982.
300 _a147გვ. :
_bილ. ;
_c20 სმ.
653 _aსწორი ძელების ღუნვა.
653 _aსამშენებლო კონსტრუქციები
700 _a გაჩეჩილაძე, გ.
_9397
700 _aგიორგაძე, ე.
_eრედაქტორი
_9398
942 _cBK
_2udc